Statistics for Countries that have Never won the Eurovision Song Contest

Click here to take the quiz!

General Stats

  • This quiz has been taken 280 times
    (269 since last reset)
  • The average score is 21 of 25

Answer Stats

Eurovision Country% Correct
Albania
92%
Slovenia
90%
Lithuania
89%
Bosnia and Herzegovina
88%
Malta
88%
Slovakia
88%
Armenia
87%
Belarus
86%
Croatia
86%
Hungary
86%
Iceland
86%
San Marino
86%
Cyprus
85%
Romania
85%
Andorra
84%
Bulgaria
84%
Czech Republic
84%
Moldova
83%
Montenegro
83%
Poland
83%
Australia
82%
Georgia
80%
Macedonia
77%
Morocco
67%
Serbia and Montenegro
46%

Score Distribution

Percentile by Number Answered

Percent of People with Each Score

Your Score History

You have not taken this quiz since the last reset